000 00791nam a2200277Ia 4500
003 OSt
005 20220924114544.0
006 a|||||r|||| 00| 0
007 ta
008 220923b |||||||| |||| 00| 0 ara d
020 _c1400.00
024 _a343903
037 _cTextual
040 _aARTS
_cARTS
_bara
041 _2ara
_aara
082 _aQ7(Y:1), 28M7
100 _aHabshi Shahabuddin Muhammad Au.
_9174222
245 0 _aAl-mustatraf fi kulle fannin mustazraf
260 _aBeirut
_bManshoorat dar maktaba-al-hayat Lebanon
_c1987
300 _a391p.
_ccm.
650 _a ISLAM
_9577
650 _a RELIGION
650 _aARABIC LANGUAGE
_931794
942 _hQ7(Y:1), 28M7
_cTEXL
_2CC
999 _c394172
_d394172